| 000 | 00926cam a2200265 a 4500 | ||
|---|---|---|---|
| 001 | 15548599 | ||
| 005 | 20130325131651.0 | ||
| 008 | 081208s2009 si ab b 001 0 eng | ||
| 010 | _a 2008053002 | ||
| 020 | _a9789812814654 | ||
| 020 | _a9812814655 | ||
| 020 | _a9789812814661 | ||
| 020 | _a9812814663 | ||
| 082 | 0 | 0 |
_a330.954 _222 _bIND |
| 245 | 0 | 0 |
_aIndian Economic Superpower : _bFiction or Future? / _c[edited by] Jayashankar M. Swaminathan. |
| 260 |
_aSingapore ; _aHackensack, NJ : _bWorld Scientific Pub., _cc2009. |
||
| 300 |
_axii, 270 p. : _bill., map ; _c24 cm. |
||
| 490 | 1 |
_aWorld Scientific series on 21st century business, _x1793-5660 ; _vv. 2 |
|
| 504 | _aIncludes bibliographical references and indexes. | ||
| 650 | 0 |
_aIndustries _zIndia. _910662 |
|
| 651 | 0 |
_aIndia _xEconomic conditions _y1991- _932964 |
|
| 653 |
_bPol _cMarch2013 |
||
| 700 | 1 |
_aSwaminathan, Jayashankar M. _932965 |
|
| 942 |
_2ddc _cBB |
||
| 999 |
_c17398 _d17370 |
||